PHYSICAL PHARMACEUTICS - I (Record no. 7442)

MARC details
000 -LEADER
fixed length control field 00417nam a22001697a 4500
005 - DATE AND TIME OF LATEST TRANSACTION
control field 20210218120934.0
008 - FIXED-LENGTH DATA ELEMENTS--GENERAL INFORMATION
fixed length control field 210218b ||||| |||| 00| 0 eng d
020 ## - INTERNATIONAL STANDARD BOOK NUMBER
ISBN 978-93-85529-20-7
041 ## - LANGUAGE CODE
Language code of text/sound track or separate title eng
082 ## - DEWEY DECIMAL CLASSIFICATION NUMBER
Classification number 615.19
100 ## - MAIN ENTRY--AUTHOR NAME
Personal name SUBRAHMANYAM, C.V.S
245 ## - TITLE STATEMENT
Title PHYSICAL PHARMACEUTICS - I
260 ## - PUBLICATION, DISTRIBUTION, ETC. (IMPRINT)
Place of publication DELHI
Name of publisher VALLABH PRAKASHAN
Year of publication 2019
300 ## - PHYSICAL DESCRIPTION
Number of Pages 552,P
650 ## - SUBJECT ADDED ENTRY--TOPICAL TERM
Topical Term PHARMACY
942 ## - ADDED ENTRY ELEMENTS (KOHA)
Koha item type Books
Holdings
Lost status Damaged status Collection code Home library Current library Shelving location Date acquired Source of acquisition Cost, normal purchase price Full call number Accession Number Koha item type
    PHARMACY JRU Library JRU Library SHELF - 16 - H 18/02/2021 PURCHES / LBI - 1710 / 11-2-21 420.00 615.19 25462 Books
    PHARMACY JRU Library JRU Library Shelf - 23- D 18/02/2021 PURCHES / LBI - 1710 / 11-2-21 420.00 615.19 25463 Books
    PHARMACY JRU Library JRU Library Shelf - 23- D 18/02/2021 PURCHES / LBI - 1710 / 11-2-21 420.00 615.19 25464 Books
    Reference JRU Library JRU Library SHELF 9 - C 18/02/2021 PURCHES / LBI - 1710 / 11-2-21 420.00 615.19 25465 Books
    PHARMACY JRU Library JRU Library Shelf - 23- D 18/02/2021 PURCHES / LBI - 1710 / 11-2-21 420.00 615.19 25466 Books